[Event "Bundesliga 2003/04"]
[Site "masterchessopen.com Germany"]
[Round "4"]
[White "Sokolov Ivan (NED)"]
[Black "Berndt Stephan (GER)"]
[Result "1-0"]
[WhiteElo "2663"]
[BlackElo "2438"]

{ Sokolov Ivan (NED) +22 =22 -6 } 1.d4 { 1 } 1...Nf6 2.c4 e6 3.Nc3 Bb4 4.Qc2
d6 5.e3 { = } 5...Nbd7 ( 5...O-O 6.Bd3 c5 7.Ne2 Nc6 8.O-O h6 9.a3 Ba5 10.h3
Bc7 11.f4 cxd4 12.exd4 Bb6 13.Be3 e5 14.Nb5 e4 15.Bxe4 Re8 16.Ng3 Nxe4 17.Nxe4
Bf5 18.Nbxd6 Bxe4 19.Nxe4 Qe7 20.c5 Qxe4 21.Qxe4 Rxe4 22.Rfe1 Bd8 23.d5 Ne7
24.Rad1 a5 25.g4 { ...0-1, Kakageldyev Amanmurad 2395 - Korchnoi Viktor 2670 ,
Leningrad 1969 Ch URS } ) 6.Bd3 Bxc3+ ( 6...O-O 7.Ne2 c5 8.O-O b6 9.b3 Bb7
10.Rd1 cxd4 11.exd4 Bxc3 12.Nxc3 a6 13.Ba3 Qc7 14.Rac1 Rfe8 15.Qd2 Rac8 16.Bb1
h6 17.Qd3 Nf8 18.d5 e5 19.Ne4 Nxe4 20.Qxe4 Rcd8 21.Rc3 Bc8 22.b4 f5 23.Qc2 Ng6
24.c5 Nf4 25.c6 Rf8 26.Bc1 { ...1-0, Marinelli - Iannacone Ernesto 2375 , Rome
1994 It (open) } ) 7.bxc3 O-O { N } ( 7...e5 8.Ne2 O-O 9.O-O Re8 10.Ng3 Nf8
11.h3 h5 12.f4 h4 13.fxe5 dxe5 14.Ne4 Nh5 15.Qf2 f5 16.Be2 Nf6 17.Nxf6+ Qxf6
18.Bd3 e4 19.Be2 Bd7 20.Bd2 Re7 21.a4 Rae8 22.c5 g5 23.Bb5 c6 24.Bc4+ Kh8
25.Rab1 Bc8 26.Kh2 Ng6 27.Be2 { ...0-1, Alatortsev Vladimir A - Sokolsky
Alexey, Moscow 1944 Ch URS } ) 8.Ne2 b6 9.O-O Bb7 10.e4 { } ( 10.f3 { !? }
10...c5 11.e4 Qc7 12.a4 { } ) 10...c5 11.Ng3 Rc8 12.Qe2 Ba6 { } ( 12...Re8 {
!? } 13.f3 Nf8 14.Be3 Ng6 { } ) 13.Be3 { } ( 13.f4 { !? } 13...Bb7 14.e5 Ne8
15.Ba3 { } ) 13...Ne8 { } ( 13...cxd4 { !? } 14.cxd4 e5 15.Nf5 exd4 { } )
14.f4 { } ( 14.Rfd1 { !? } 14...Nb8 15.dxc5 dxc5 16.e5 { } ) 14...e5 15.Nf5
Kh8 { } ( 15...cxd4 { !? } 16.cxd4 exd4 17.Bxd4 Nc5 { } ) 16.Rf3 { } ( 16.Rfd1
{ !? } 16...cxd4 17.cxd4 g6 18.Nh6 { } ) 16...g6 17.Nh6 cxd4 18.cxd4 f6 19.f5
exd4 20.Bxd4 g5 21.h4 { } ( 21.Rc1 { !? } 21...Ne5 22.Rh3 Nxd3 23.Qxd3 { } )
21...gxh4 22.Rh3 Ne5 23.Rxh4 Rc7 { } ( 23...Nxd3 { !? } 24.Qxd3 Rxc4 25.Rd1
Qc7 { } ) 24.Rd1 { } ( 24.Rc1 { !? } 24...Qc8 25.Rc3 Bxc4 26.Bxc4 { } )
24...Qc8 25.Qh5 Rg7 26.Bxe5 { } ( 26.Bf1 { !? } 26...Rg5 27.Qe2 Bxc4 28.Qf2 {
} ) 26...fxe5 { } ( 26...dxe5 { !? } 27.Rg4 Rd7 28.Kh2 Ng7 { } ) 27.Kh2 Qd8
28.Be2 { } ( 28.Ng4 { !? } 28...Rfg8 29.Qh6 Qc7 30.Ne3 { } ) 28...Qe7 29.Rg4 {
? } ( 29.g3 { !? } 29...Qc7 30.Ng4 Qc6 31.Bd3 { } ) 29...Nf6 30.Rxg7 Qxg7
31.Qh4 Nxe4 32.Bf3 Nf6 { ? } ( 32...Ng5 { !? } 33.Kh1 Rf6 34.Ng4 Rxf5 { } )
33.Rxd6 Bxc4 34.a3 { ? } ( 34.Ng4 { !? } 34...Nxg4+ 35.Bxg4 e4 36.f6 { } )
34...e4 35.Bxe4 { ?! } ( 35.Bd1 { !? } 35...Qe7 36.Rc6 Bd5 37.Rc1 { } )
35...b5 { ?? } ( 35...Qc7 36.g3 Qxd6 37.Bg2 Bd3 { } ) 36.Bf3 a5 { } ( 36...Ne8
{ !? } 37.Rc6 Nf6 38.Kg1 Bd5 { } ) 37.Qf4 a4 { ?! } ( 37...Qc7 { !? } 38.g4
Ne4 39.Qe5+ Rf6 { } ) 38.g4 Qc7 { ? } ( 38...Nd7 { !? } 39.g5 Qe5 40.Rd4 Qxf4+
{ } ) 39.g5 Nd5 { ?! } ( 39...b4 { !? } 40.Rd4 Qxf4+ 41.Rxf4 Bb3 { } ) 40.Bxd5
{ } {#r} 1-0

[Event "Ch Europe"]
[Site "masterchessopen.com Istanbul (Turkey)"]
[Round "10"]
[White "Gurevich Mikhail (TUR)"]
[Black "Agrest Evgenij (SWE)"]
[Result "1/2-1/2"]
[WhiteElo "2644"]
[BlackElo "2604"]

{ Gurevich Mikhail (BEL) +19 =9 -6 Agrest Evgenij (SWE) +4 =1 -2 } 1.d4 { 1 }
1...Nf6 2.c4 e6 3.Nc3 Bb4 4.Qc2 d6 5.a3 Bxc3+ 6.Qxc3 O-O ( 6...Nbd7 7.Nf3 b6
8.g3 Bb7 9.Bg2 O-O 10.O-O c5 11.Rd1 Qe7 12.b3 Rac8 13.Bb2 Ne4 14.Qe3 f5 15.Nd2
cxd4 16.Bxd4 e5 17.Bb2 f4 18.gxf4 exf4 19.Qd4 Nxd2 20.Bxb7 Nxb3 21.Qd5+ Kh8
22.Bxc8 Rxc8 23.Qxd6 Qxd6 24.Rxd6 Ndc5 25.Rad1 Kg8 26.Rd8+ { ...1-0, Candela
Perez Jose 2426 - Agrest Evgenij 2599 , Internet 2002 It "Dos Hermanas
Internet Final" } ) 7.g3 ( 7.Bg5 Nbd7 8.e3 b6 9.f3 c5 10.dxc5 bxc5 11.Bd3 Qb6
12.Ne2 a5 13.O-O Ba6 14.Rfd1 Rfe8 15.Rd2 d5 16.Rc1 Rac8 17.Bh4 Bb7 18.Bb1 h6
19.Ba2 Ba8 20.Bf2 Qc7 21.Rcd1 Bc6 22.Bg3 Qb6 23.Kh1 Ba4 24.Rc1 Bc6 25.Qc2 Qa7
26.Bf2 Qb7 { ...1-0, Gurevich Mikhail 2634 - Kabatianski Alexandr 2447 ,
Zwolle 2002 It (open) } ) 7...e5 { = } ( 7...Nbd7 8.Bg2 e5 9.Nf3 Re8 10.O-O a5
11.Qc2 c6 12.dxe5 dxe5 13.Rd1 Qe7 14.b3 Nc5 15.Bb2 a4 16.b4 Nb3 17.Rab1 e4
18.Nd4 e3 19.f3 Nd2 20.Ra1 Be6 21.c5 Bb3 22.Nxb3 Nxb3 23.Rab1 Rad8 24.Bc3 Nd5
25.Be1 Nc7 26.Rxd8 Rxd8 27.Rd1 { ...0-1, Stoltz Gosta 2520 - O'Kelly de Galway
Alberic 2450 , Bled 1950 It } ) ( 7...Ne4 8.Qc2 f5 9.Bg2 Nc6 10.e3 e5 11.d5
Ne7 12.Ne2 Bd7 13.O-O c6 14.f3 Nf6 15.e4 fxe4 16.fxe4 cxd5 17.exd5 Qb6+ 18.c5
Qxc5+ 19.Qxc5 dxc5 20.Nc3 Nf5 21.b4 Rac8 22.bxc5 Rxc5 23.Ne4 Nxe4 24.Bxe4 Rc4
25.Bd3 Rc3 26.Bb1 Bb5 27.Bd2 { ...0-1, Collas Didier 2350 - Dizdarevic Emir
2500 , Cannes 1995 It (open) } ) 8.dxe5 dxe5 9.Bg2 ( 9.Nf3 Nc6 10.Be3 Qe7
11.b4 Re8 12.b5 e4 13.bxc6 exf3 14.exf3 Qc5 15.cxb7 Bxb7 16.Be2 Qf5 17.g4 Qd7
18.h3 Qc6 19.O-O-O Nd7 20.Rd2 Ne5 21.Rhd1 Nxf3 22.Rd5 Nh4 23.Rc5 Qe4 24.Rxc7
Rad8 25.Bd3 Qf3 26.Bg5 Rb8 27.Rxb7 Rxb7 28.Bxh4 g6 { ...1-0, Stefansson Hannes
2557 - Panchenko Alexandar G 2419 , Pardubice 2000 It (open) } ) 9...Re8
10.Nf3 ( 10.Be3 a5 11.Nf3 Qe7 12.O-O Nc6 13.b3 Bf5 14.h3 Be4 15.Rfd1 Rad8
16.Qb2 h6 17.Rxd8 Rxd8 18.Bd2 Qe6 19.Bc3 Re8 20.Kh2 b6 21.Rc1 Bh7 22.b4 axb4
23.axb4 Ne4 24.Be1 Nd6 25.b5 Nd4 26.Nxd4 exd4 27.Bf1 Nf5 28.Bd2 Qd6 29.Qb4 g5
{ ...1-0, Seirawan Yasser 2635 - Henley Ron W 2490 , New York 1990 It (open) }
) ( 10.b4 Nc6 11.Bb2 a5 12.Nf3 axb4 13.axb4 Rxa1+ 14.Bxa1 Ne4 15.Qc2 Ng5
16.Nxg5 Qxg5 17.Bc3 Nd4 18.Qd2 Qh5 19.Bxd4 exd4 20.O-O Qe5 21.Rd1 Qxe2 22.Qxe2
Rxe2 23.Rxd4 Re1+ 24.Bf1 Kf8 25.Rd8+ Re8 26.Rxe8+ Kxe8 27.f4 Ke7 28.Kf2 Kd6
29.Ke3 b6 { ...1/2-1/2, Marin Mihail 2495 - Eingorn Vereslav S 2560 , Tallinn
1989 Memorial P.Keres } ) 10...Nc6 ( 10...e4 11.Nd4 c5 12.Nc2 Bg4 13.h3 Bh5
14.b4 Nbd7 15.g4 Bg6 16.Bb2 Ne5 17.Ne3 Rc8 18.b5 Rc7 19.Rd1 Rd7 20.O-O h5
21.g5 Nh7 22.Rxd7 Qxd7 23.Rd1 Qc7 24.Rd5 f6 25.gxf6 gxf6 26.Qd2 Nf8 27.Rd6 Qf7
28.Nd5 Re6 29.Bxe5 fxe5 30.Rd8 { ...1-0, Arlandi Ennio 2435 - Kosten Anthony C
2515 , Imperia 1992 } ) 11.Be3 ( 11.Bg5 h6 12.Rd1 Qe7 13.Be3 Ng4 14.O-O Be6
15.Bc1 Qc5 16.Nd2 a5 17.b3 Nd4 18.Rde1 Bf5 19.e3 Nc6 20.Ne4 Bxe4 21.Bxe4 Nf6
22.Bg2 e4 23.f3 Rad8 24.fxe4 Ne5 25.Rd1 Rxd1 26.Rxd1 a4 27.bxa4 Qxc4 28.Qxc4
Nxc4 29.e5 Rxe5 30.Bxb7 Rc5 { ...1-0, Berkovich Dmitry 2445 - Onischuk
Alexander 2370 , Alushta 1992 It "Crimea Summer" } ) 11...a5 ( 11...Bg4 12.h3
( 12.Nh4 { } ) 12...Bf5 13.O-O Ne4 14.Qc1 h6 15.Rd1 Qf6 16.b3 a5 17.Qb2 Qe6
18.g4 Bh7 19.Rac1 Rad8 20.Rxd8 Rxd8 21.b4 axb4 22.axb4 Qf6 23.Kf1 Nd4 24.Rd1
Nc2 25.Rxd8+ Qxd8 26.Kg1 Nxe3 27.fxe3 f6 28.c5 Kh8 29.Kh2 c6 30.Nh4 Ng5 31.b5
{ ...1/2-1/2, Mohr Stefan 2440 - Kurajica Bojan 2565 , Strasbourg 1994 Cup
European Club } ) 12.Rd1 { N } ( 12.b3 Ng4 ( 12...Qe7 13.O-O h6 14.Rfd1 {
1/2-1/2, Sadler Matthew 2565 - Renet Olivier 2520 , Linares 1995 Zt } ) 13.Bg5
Qd6 14.h3 e4 15.hxg4 exf3 16.Bxf3 Qg6 17.Be3 Bxg4 18.Bd5 Ne7 19.Bxb7 Rab8
20.Bf3 Bxf3 21.exf3 Nf5 22.g4 Nxe3 23.fxe3 Qb6 24.e4 Qxb3 25.Qxb3 Rxb3 26.Kf2
a4 27.Rhd1 h6 28.Rd7 Re6 29.Ke2 Rc6 30.Rd3 Rxc4 31.Rxb3 axb3 { ...0-1, Wiley
Tom E 2322 - Baklan Vladimir 2605 , Metz 2003 It (open) } ) 12...Qe7 13.O-O h6
14.h3 Bf5 15.Qb3 a4 16.Qc3 Bh7 17.g4 Be4 18.Rfe1 Qe6 { ?! } ( 18...Na5 { !? }
19.Nd2 Bxg2 20.Kxg2 c5 { } ) 19.g5 { ! } ( 19.Rc1 { ? } 19...Red8 20.Rcd1 Rd6
21.Rxd6 { } ) 19...Bxf3 20.exf3 hxg5 21.Bxg5 Qf5 22.f4 { ! } ( 22.Bh4 { ? }
22...Rad8 23.Kh2 Rd4 24.Bg3 { } ) 22...exf4 23.Bxf6 Qxf6 24.Qxf6 gxf6 25.Bxc6
{ ?! } ( 25.Rxe8+ { !? } 25...Rxe8 26.Bxc6 bxc6 27.Rd4 { } ) 25...bxc6
26.Rxe8+ Rxe8 27.Kg2 Rb8 28.Rd7 Rxb2 29.Rd8+ { ?! } ( 29.Rxc7 { !? } 29...Rb3
30.Rxc6 Rxa3 31.Ra6 { } ) 29...Kg7 30.Ra8 Rb3 31.Rxa4 Rc3 32.h4 c5 33.Ra7 Rxc4
34.Rxc7 Ra4 { ?! } ( 34...Kg6 { !? } 35.Rc6 Kh5 36.Rxf6 Kxh4 { } ) 35.Rxc5
Rxa3 36.Rf5 Kg6 37.Rxf4 f5 38.Rf3 Ra4 39.Kg3 Rg4+ 40.Kh3 f6 41.Rg3 Kh5 42.Rxg4
fxg4+ 43.Kg3 f5 44.f3 f4+ 45.Kxf4 gxf3 46.Kxf3 Kxh4 { } {#d} 1/2-1/2

[Event "It (open)"]
[Site "masterchessopen.com Mainz (Germany)"]
[Round "7"]
[White "Sokolov Ivan (NED)"]
[Black "Agrest Evgenij (SWE)"]
[Result "1-0"]
[WhiteElo "2663"]
[BlackElo "2604"]

{ Sokolov Ivan (NED) +21 =22 -6 Agrest Evgenij (SWE) +5 =2 -2 } 1.d4 { 1 }
1...Nf6 2.c4 e6 3.Nc3 Bb4 4.Qc2 d6 5.e3 { = } 5...c5 ( 5...O-O 6.Bd3 c5 7.Ne2
Nc6 8.O-O h6 9.a3 Ba5 10.h3 Bc7 11.f4 cxd4 12.exd4 Bb6 13.Be3 e5 14.Nb5 e4
15.Bxe4 Re8 16.Ng3 Nxe4 17.Nxe4 Bf5 18.Nbxd6 Bxe4 19.Nxe4 Qe7 20.c5 Qxe4
21.Qxe4 Rxe4 22.Rfe1 Bd8 23.d5 Ne7 24.Rad1 a5 25.g4 { ...0-1, Kakageldyev
Amanmurad 2395 - Korchnoi Viktor 2670 , Leningrad 1969 Ch URS } ) 6.Bd3 (
6.Nf3 Nc6 7.a3 Bxc3+ 8.Qxc3 Qa5 9.Qxa5 Nxa5 10.Nd2 Nc6 11.Nb3 b6 12.Be2 O-O
13.O-O e5 14.Bf3 e4 15.Be2 a5 16.a4 Bg4 17.Bxg4 Nxg4 18.h3 Nh6 19.Bd2 f5
20.Bc3 Nf7 21.Rad1 Rad8 22.Nc1 g5 23.f4 gxf4 24.Rxf4 Nh8 25.Ne2 Ng6 { ...1-0,
Tymrakiewicz Rafal 2180 - Uddenfeldt Dan 2395 , Finland 1995 Ch Finland (team)
1994/95 } ) 6...Nc6 ( 6...O-O 7.Ne2 Nc6 8.O-O h6 9.a3 Ba5 10.h3 Bc7 11.f4 cxd4
12.exd4 Bb6 13.Be3 e5 14.Nb5 e4 15.Bxe4 Re8 16.Ng3 Nxe4 17.Nxe4 Bf5 18.Nbxd6
Bxe4 19.Nxe4 Qe7 20.c5 Qxe4 21.Qxe4 Rxe4 22.Rfe1 Bd8 23.d5 Ne7 24.Rad1 a5
25.g4 a4 26.Kf2 { ...0-1, Kakageldyev Amanmurad 2395 - Korchnoi Viktor 2670 ,
Leningrad 1969 Ch URS } ) ( 6...Bxc3+ 7.bxc3 Nc6 8.Nf3 e5 9.d5 Ne7 10.h3 O-O
11.O-O Kh8 12.Nd2 Nd7 13.e4 Nf6 14.Re1 Nh5 15.Nf3 Ng6 16.Kh2 h6 17.g3 Nf6 {
1/2-1/2, Marovic Drazen 2475 - Petrosian Tigran V 2640 , Rovinj/Zagreb 1970 It
} ) 7.Ne2 O-O { } ( 7...e5 8.d5 Bxc3+ 9.Qxc3 Ne7 10.Qc2 O-O 11.O-O Ng6 12.Ng3
Re8 13.f3 Bd7 14.Bd2 a6 15.h3 b5 16.b3 Qb6 17.Kh2 a5 18.Rab1 b4 19.f4 exf4
20.exf4 Nf8 21.Bc1 Qd8 22.Qf2 a4 23.Bb2 Ng6 24.Rbd1 axb3 25.axb3 Ra7 26.Rde1
Rxe1 27.Rxe1 { ...1-0, Rubinstein Akiba K 2650 - Nimzowitsch Aaron, Berlin
1928 It "Tageblatt" } ) ( 7...Bxc3+ 8.Qxc3 O-O 9.b3 a5 10.Bb2 a4 11.Rd1 cxd4
12.Nxd4 axb3 13.Nxc6 bxc6 14.axb3 c5 15.O-O Bb7 16.Bb1 Ne8 17.e4 f6 18.e5 fxe5
19.Qh3 Qg5 20.Bc1 Qf6 21.Bxh7+ Kf7 22.f4 Ke7 23.fxe5 Qxe5 24.Rfe1 Qf6 25.Bg5
Qxg5 26.Qxe6+ Kd8 27.Rxd6+ { ...1-0, Kozul Zdenko 2560 - Gavrikov Viktor 2585
, Biel 1991 It } ) 8.Bd2 { N } ( 8.O-O h6 9.a3 Ba5 10.h3 ( 10.b3 Bb6 11.dxc5
dxc5 12.Bb2 Bc7 13.h3 Ne5 14.Rad1 Qe7 15.Ng3 Nxd3 16.Rxd3 Bd7 17.e4 a6 18.f4
Bc6 19.e5 Nd7 20.Nce4 f6 21.exf6 Nxf6 22.Nxf6+ gxf6 23.Nh5 Kh8 24.Rg3 e5
25.Rg7 Qxg7 26.Nxg7 Kxg7 27.Qf5 Kh8 { ...1-0, Ruckschloss Karol 2235 -
Kostelny Jozef 2280 , Stary Smokovec 1996 It (open) } ) 10...Bc7 11.f4 cxd4
12.exd4 Bb6 13.Be3 e5 14.Nb5 e4 15.Bxe4 Re8 16.Ng3 Nxe4 17.Nxe4 Bf5 18.Nbxd6
Bxe4 19.Nxe4 Qe7 20.c5 Qxe4 21.Qxe4 Rxe4 22.Rfe1 Bd8 23.d5 Ne7 24.Rad1 a5
25.g4 a4 26.Kf2 Ba5 27.Kf3 Rc4 { ...0-1, Kakageldyev Amanmurad 2395 - Korchnoi
Viktor 2670 , Leningrad 1969 Ch URS } ) ( 8.a3 Bxc3+ 9.Qxc3 e5 10.dxc5 dxc5
11.Ng3 Qe7 12.Qc2 Re8 13.Ne4 Nxe4 14.Bxe4 g6 15.Bd2 Be6 16.g3 Rad8 17.O-O Bxc4
18.Qxc4 Rxd2 19.Bxc6 bxc6 20.Qc3 Red8 21.Rac1 R8d5 22.Rc2 Qd6 23.Rxd2 Rxd2
24.Rc1 Rd1+ 25.Rxd1 Qxd1+ 26.Kg2 Qd5+ 27.Kg1 c4 { ...0-1, Kudrnac V - Kout
Zdenek 2150 , Czech Republic 1996 Ch Czech Republic (qual) (2nd) } ) 8...cxd4
9.exd4 d5 10.cxd5 exd5 11.O-O h6 12.a3 Bd6 13.f3 Re8 14.Rae1 a6 15.Qc1 Be6
16.Kh1 { ?! } ( 16.Bf4 { !? } 16...Bxf4 17.Qxf4 Rc8 18.b4 { } ) 16...Nh5 17.g3
Qf6 18.Be3 Rad8 { ?! } ( 18...Qd8 { !? } 19.Bb1 Nf6 20.Rf2 Rc8 { } ) 19.Rf2
Na5 { ? } ( { ? } 19...g5 20.f4 gxf4 21.Nxf4 Nxf4 { } ) 20.g4 { ?! } ( 20.b4 {
!? } 20...Nc4 21.Bxc4 dxc4 22.g4 { } ) 20...Qh4 21.gxh5 Bf5 { ?! } ( 21...Nb3
{ !? } 22.Qd1 Bg4 23.Bh7+ { } ) 22.Bxf5 Nb3 23.Qd1 Rxe3 24.Rg2 { ? } ( { ? }
24.Kg1 Nxd4 25.Nxd4 Bxh2+ 26.Kg2 { } ) 24...Rxf3 { ? } ( { ? } 24...Nxd4
25.Bg4 f5 26.Nxd5 Rxe2 { } ) 25.Rf1 Nd2 26.Rfg1 Nc4 { ?! } ( 26...Rxf5 { !? }
27.Qxd2 Rg5 28.Ng3 Qh3 { } ) 27.Rxg7+ Kf8 28.Rg8+ { } {#r} 1-0

[Event "It (open)"]
[Site "masterchessopen.com Port Erin (England)"]
[Round "1"]
[White "Allen Keith (IRL)"]
[Black "Lutton E Josiah (ENG)"]
[Result "1-0"]
[WhiteElo "2241"]
[BlackElo "2062"]

1.d4 e6 2.c4 Nf6 3.Nc3 Bb4 4.Qc2 d6 5.e4 c5 6.d5 Qe7 7.dxe6 Qxe6 8.Bd3 Nc6
9.Ne2 Bxc3+ 10.Qxc3 Ne5 11.f3 Nfd7 12.b3 Qf6 13.Bc2 Qh4+ 14.Ng3 Nf6 15.Be3 Be6
16.O-O-O O-O-O 17.Rxd6 Rxd6 18.Qxe5 Rc6 19.Bg5 {#r} 1-0

[Event "Ch Sweden"]
[Site "masterchessopen.com Umea (Sweden)"]
[Round "12"]
[White "Ahlander Bjorn (SWE)"]
[Black "Agrest Evgenij (SWE)"]
[Result "0-1"]
[WhiteElo "2411"]
[BlackElo "2604"]

{ Ahlander Bjorn (SWE) +3 =3 -1 Agrest Evgenij (SWE) +4 =2 -2 } 1.d4 { 1 }
1...Nf6 2.c4 e6 3.Nc3 Bb4 4.Qc2 d6 5.a3 Bxc3+ 6.Qxc3 O-O ( 6...Nbd7 7.Nf3 b6
8.g3 Bb7 9.Bg2 O-O 10.O-O c5 11.Rd1 Qe7 12.b3 Rac8 13.Bb2 Ne4 14.Qe3 f5 15.Nd2
cxd4 16.Bxd4 e5 17.Bb2 f4 18.gxf4 exf4 19.Qd4 Nxd2 20.Bxb7 Nxb3 21.Qd5+ Kh8
22.Bxc8 Rxc8 23.Qxd6 Qxd6 24.Rxd6 Ndc5 25.Rad1 Kg8 26.Rd8+ { ...1-0, Candela
Perez Jose 2426 - Agrest Evgenij 2599 , Internet 2002 It "Dos Hermanas
Internet Final" } ) 7.g3 ( 7.Bg5 h6 8.Bh4 g5 9.Bg3 Ne4 10.Qc2 f5 11.e3 Qf6
12.Bd3 Nxg3 13.hxg3 e5 14.Qc3 c5 15.dxe5 dxe5 16.Bc2 Be6 17.O-O-O Nd7 18.Ne2
e4 19.Qxf6 Nxf6 20.b3 Ng4 21.Rd6 Rf6 22.Nc3 Kf7 23.Rd2 b6 24.Rhd1 Kg7 25.Nb5
Bf7 26.Nd6 Be6 { ...1-0, Ahlander Bjorn 2385 - Chernyshov Konstantin 2505 ,
Berlin 1995 It (open) "Berlin Summer" } ) 7...e5 { = } ( 7...Nbd7 8.Bg2 e5
9.Nf3 Re8 10.O-O a5 11.Qc2 c6 12.dxe5 dxe5 13.Rd1 Qe7 14.b3 Nc5 15.Bb2 a4
16.b4 Nb3 17.Rab1 e4 18.Nd4 e3 19.f3 Nd2 20.Ra1 Be6 21.c5 Bb3 22.Nxb3 Nxb3
23.Rab1 Rad8 24.Bc3 Nd5 25.Be1 Nc7 26.Rxd8 Rxd8 27.Rd1 { ...0-1, Stoltz Gosta
2520 - O'Kelly de Galway Alberic 2450 , Bled 1950 It } ) ( 7...Ne4 8.Qc2 f5
9.Bg2 Nc6 10.e3 e5 11.d5 Ne7 12.Ne2 Bd7 13.O-O c6 14.f3 Nf6 15.e4 fxe4 16.fxe4
cxd5 17.exd5 Qb6+ 18.c5 Qxc5+ 19.Qxc5 dxc5 20.Nc3 Nf5 21.b4 Rac8 22.bxc5 Rxc5
23.Ne4 Nxe4 24.Bxe4 Rc4 25.Bd3 Rc3 26.Bb1 Bb5 27.Bd2 { ...0-1, Collas Didier
2350 - Dizdarevic Emir 2500 , Cannes 1995 It (open) } ) 8.dxe5 dxe5 9.Bg2 (
9.Nf3 Nc6 10.Be3 Qe7 11.b4 Re8 12.b5 e4 13.bxc6 exf3 14.exf3 Qc5 15.cxb7 Bxb7
16.Be2 Qf5 17.g4 Qd7 18.h3 Qc6 19.O-O-O Nd7 20.Rd2 Ne5 21.Rhd1 Nxf3 22.Rd5 Nh4
23.Rc5 Qe4 24.Rxc7 Rad8 25.Bd3 Qf3 26.Bg5 Rb8 27.Rxb7 Rxb7 28.Bxh4 g6 {
...1-0, Stefansson Hannes 2557 - Panchenko Alexandar G 2419 , Pardubice 2000
It (open) } ) 9...Re8 10.Bg5 { N } ( 10.Nf3 Nc6 ( 10...e4 11.Nd4 c5 12.Nc2 Bg4
13.h3 Bh5 14.b4 Nbd7 15.g4 Bg6 16.Bb2 Ne5 17.Ne3 Rc8 18.b5 Rc7 19.Rd1 Rd7
20.O-O h5 21.g5 Nh7 22.Rxd7 Qxd7 23.Rd1 Qc7 24.Rd5 f6 25.gxf6 gxf6 26.Qd2 Nf8
27.Rd6 Qf7 28.Nd5 Re6 29.Bxe5 fxe5 30.Rd8 { ...1-0, Arlandi Ennio 2435 -
Kosten Anthony C 2515 , Imperia 1992 } ) 11.Be3 ( 11.Bg5 h6 12.Rd1 Qe7 13.Be3
Ng4 14.O-O Be6 15.Bc1 Qc5 16.Nd2 a5 17.b3 Nd4 18.Rde1 Bf5 19.e3 Nc6 20.Ne4
Bxe4 21.Bxe4 Nf6 22.Bg2 e4 23.f3 Rad8 24.fxe4 Ne5 25.Rd1 Rxd1 26.Rxd1 a4
27.bxa4 Qxc4 28.Qxc4 Nxc4 29.e5 Rxe5 30.Bxb7 Rc5 { ...1-0, Berkovich Dmitry
2445 - Onischuk Alexander 2370 , Alushta 1992 It "Crimea Summer" } ) 11...a5 (
11...Bg4 12.h3 ( 12.Nh4 { -0,24 CAP } ) 12...Bf5 13.O-O Ne4 14.Qc1 h6 15.Rd1
Qf6 16.b3 a5 17.Qb2 Qe6 18.g4 Bh7 19.Rac1 Rad8 20.Rxd8 Rxd8 21.b4 axb4 22.axb4
Qf6 23.Kf1 Nd4 24.Rd1 Nc2 25.Rxd8+ Qxd8 26.Kg1 Nxe3 27.fxe3 f6 28.c5 Kh8
29.Kh2 c6 30.Nh4 Ng5 31.b5 { ...1/2-1/2, Mohr Stefan 2440 - Kurajica Bojan
2565 , Strasbourg 1994 Cup European Club } ) 12.Rd1 { +0,24 CAP N } ( 12.b3
Ng4 ( 12...Qe7 13.O-O h6 14.Rfd1 { 1/2-1/2, Sadler Matthew 2565 - Renet
Olivier 2520 , Linares 1995 Zt } ) 13.Bg5 Qd6 14.h3 e4 15.hxg4 exf3 16.Bxf3
Qg6 17.Be3 Bxg4 18.Bd5 Ne7 19.Bxb7 Rab8 20.Bf3 Bxf3 21.exf3 Nf5 22.g4 Nxe3
23.fxe3 Qb6 24.e4 Qxb3 25.Qxb3 Rxb3 26.Kf2 a4 27.Rhd1 h6 28.Rd7 Re6 29.Ke2 Rc6
30.Rd3 Rxc4 31.Rxb3 axb3 { ...0-1, Wiley Tom E 2322 - Baklan Vladimir 2605 ,
Metz 2003 It (open) } ) 12...Qe7 13.O-O h6 14.h3 Bf5 15.Qb3 a4 16.Qc3 Bh7
17.g4 Be4 18.Rfe1 Qe6 { ?! +0,90 } ( 18...Na5 { !? } 19.Nd2 Bxg2 20.Kxg2 c5 {
+0,04 } ) 19.g5 { ! +0,90 } ( 19.Rc1 { ? } 19...Red8 20.Rcd1 Rd6 21.Rxd6 {
+0,16 } ) 19...Bxf3 20.exf3 hxg5 21.Bxg5 Qf5 22.f4 { ! +0,90 } ( 22.Bh4 { ? }
22...Rad8 23.Kh2 Rd4 24.Bg3 { -0,26 } ) 22...exf4 23.Bxf6 Qxf6 24.Qxf6 gxf6
25.Bxc6 { ?! +0,46 } ( 25.Rxe8+ { !? } 25...Rxe8 26.Bxc6 bxc6 27.Rd4 { +0,90 }
) 25...bxc6 26.Rxe8+ Rxe8 27.Kg2 Rb8 28.Rd7 Rxb2 29.Rd8+ { ?! -0,17 } (
29.Rxc7 { !? } 29...Rb3 30.Rxc6 Rxa3 31.Ra6 { +0,40 } ) 29...Kg7 { ...1/2-1/2,
Gurevich Mikhail 2634 - Agrest Evgenij 2574 , Istanbul 2003 Ch Europe } ) (
10.Be3 a5 ( 10...Ng4 11.Bc1 Qd4 12.Qxd4 exd4 13.Bf4 c5 14.Nf3 Nc6 15.Bd6 Bf5
16.h3 Nge5 17.Nxe5 Nxe5 18.Bxe5 Rxe5 19.Kd2 Rb8 20.a4 a5 21.Rhe1 g5 22.Rh1 Re6
23.b3 Rb6 24.Ra3 Kg7 25.h4 h6 26.Bd5 Re8 27.hxg5 hxg5 28.Rh5 Kg6 29.Rh1 Bg4 {
...0-1, Jelen Igor 2415 - Dizdarevic Emir 2505 , Yerevan 1996 Olympiad } )
11.Nf3 Qe7 12.O-O Nc6 13.b3 Bf5 14.h3 Be4 15.Rfd1 Rad8 16.Qb2 h6 17.Rxd8 Rxd8
18.Bd2 Qe6 19.Bc3 Re8 20.Kh2 b6 21.Rc1 Bh7 22.b4 axb4 23.axb4 Ne4 24.Be1 Nd6
25.b5 Nd4 26.Nxd4 exd4 27.Bf1 Nf5 28.Bd2 Qd6 29.Qb4 g5 { ...1-0, Seirawan
Yasser 2635 - Henley Ron W 2490 , New York 1990 It (open) } ) ( 10.b4 Nc6
11.Bb2 a5 12.Nf3 axb4 13.axb4 Rxa1+ 14.Bxa1 Ne4 15.Qc2 Ng5 16.Nxg5 Qxg5 17.Bc3
Nd4 18.Qd2 Qh5 19.Bxd4 exd4 20.O-O Qe5 21.Rd1 Qxe2 22.Qxe2 Rxe2 23.Rxd4 Re1+
24.Bf1 Kf8 25.Rd8+ Re8 26.Rxe8+ Kxe8 27.f4 Ke7 28.Kf2 Kd6 29.Ke3 b6 {
...1/2-1/2, Marin Mihail 2495 - Eingorn Vereslav S 2560 , Tallinn 1989
Memorial P.Keres } ) ( 10.Be3 a5 11.Nf3 Qe7 12.O-O Nc6 13.b3 Bf5 14.h3 Be4
15.Rfd1 Rad8 16.Qb2 h6 17.Rxd8 Rxd8 18.Bd2 Qe6 19.Bc3 Re8 20.Kh2 b6 21.Rc1 Bh7
22.b4 axb4 23.axb4 Ne4 24.Be1 Nd6 25.b5 Nd4 26.Nxd4 exd4 27.Bf1 Nf5 28.Bd2 Qd6
29.Qb4 g5 { ...1-0, Seirawan Yasser 2635 - Henley Ron W 2490 , New York 1990
It (open) } ) ( 10.b4 Nc6 11.Bb2 a5 12.Nf3 axb4 13.axb4 Rxa1+ 14.Bxa1 Ne4
15.Qc2 Ng5 16.Nxg5 Qxg5 17.Bc3 Nd4 18.Qd2 Qh5 19.Bxd4 exd4 20.O-O Qe5 21.Rd1
Qxe2 22.Qxe2 Rxe2 23.Rxd4 Re1+ 24.Bf1 Kf8 25.Rd8+ Re8 26.Rxe8+ Kxe8 27.f4 Ke7
28.Kf2 Kd6 29.Ke3 b6 { ...1/2-1/2, Marin Mihail 2495 - Eingorn Vereslav S 2560
, Tallinn 1989 Memorial P.Keres } ) ( 10.h3 a5 11.Be3 a4 12.g4 Ra6 13.Nf3 Nc6
14.Nd2 Nd4 15.Bg5 Rb6 16.Rd1 Bd7 17.c5 Rb5 18.e3 Bc6 19.Bxc6 bxc6 20.Qc4 Qd5
21.Qxd5 Nc2+ 22.Ke2 cxd5 23.Bxf6 gxf6 24.Rb1 Reb8 25.Kd3 Rxb2 26.Kc3 d4+
27.exd4 exd4+ 28.Kd3 Kf8 29.Rxb2 Rxb2 { ...1-0, Agrest Evgenij 2574 - Jonkman
Harmen 2436 , Metz 2003 It (open) } ) 10...h6 11.Rd1 Qe7 12.Bxf6 Qxf6 13.Nf3
Nc6 14.O-O { } 14...Be6 15.Rd2 Rad8 16.Rfd1 Rxd2 17.Rxd2 e4 18.Nd4 Nxd4
19.Rxd4 { ?! } ( 19.Qxd4 { !? } 19...Qxd4 20.Rxd4 f5 21.b3 { } ) 19...c5
20.Rxe4 Qxc3 21.bxc3 Rd8 22.f4 b6 23.Kf2 Rd2 24.f5 Bxf5 25.Re7 a5 26.Bd5 Bg6
27.Re8+ Kh7 28.a4 Ra2 29.Bc6 { ?! } ( 29.Rb8 { !? } 29...Rb2 30.Rb7 f6 31.Ke3
{ } ) 29...Bc2 30.Re7 f5 { ?! } ( 30...Bxa4 { !? } 31.Be4+ Kg8 32.Rb7 Kf8 { }
) 31.Bd7 h5 32.h4 Ra3 33.Re3 { ? } ( { ? } 33.Ke3 Be4 34.Kf4 Rxc3 35.Be6 { } )
33...Be4 34.Be8 g6 35.Bd7 Kg7 36.Be8 Ra1 37.Bb5 Rd1 38.Be8 Kf6 39.Bb5 Kf7
40.Ba6 g5 41.hxg5 Kg6 42.Bb5 Kxg5 43.Be8 Rh1 44.Bf7 Kf6 45.Bd5 Ke5 46.Bc6 Ra1
47.Be8 Kf6 48.Bd7 Kf7 49.Bb5 Rd1 50.Ba6 Kf6 51.Bb5 Kg5 52.Be8 Ra1 53.Bd7 Rh1
54.Be6 h4 55.Bd5 Rh2+ 56.Ke1 { ?! } ( 56.Kf1 { !? } 56...hxg3 57.Rxg3+ Kf4
58.Rg6 { } ) 56...h3 57.Bxe4 fxe4 58.Rxe4 Rg2 59.Kd2 Rxg3 60.Re8 Rg4 61.Rh8
Rh4 62.Rg8+ Kf4 { } {#R} 0-1

[Event "It (open)"]
[Site "masterchessopen.com Dresden (Germany)"]
[Date "2003.07.27"]
[Round "3"]
[White "Neurohr Juergen (GER)"]
[Black "Gawehns Klaus (GER)"]
[Result "1/2-1/2"]
[WhiteElo "2128"]
[BlackElo "2390"]

1.d4 Nf6 2.c4 e6 3.Nc3 Bb4 4.Qc2 d6 5.e3 O-O 6.Bd3 e5 7.Ne2 Nc6 8.Bd2 Re8 9.d5
Ne7 10.a3 Bxc3 11.Nxc3 Ng6 12.O-O-O c6 13.Bxg6 fxg6 14.e4 cxd5 15.cxd5 Bd7
16.h3 b5 17.b4 a5 18.Kb2 Qb6 19.Be3 Qa6 20.Ra1 Rec8 21.f3 Rc4 22.Qb3 Ne8
23.Rhc1 Rac8 24.Nd1 R8c7 25.Bd2 a4 26.Qd3 h6 27.Ne3 Rxc1 28.Rxc1 Qc8 29.Rxc7
Qxc7 30.Qc2 Qxc2+ {#d} 1/2-1/2